| 000 | 01087naa a2200277 c 4500 | ||
|---|---|---|---|
| 001 | 37102 | ||
| 003 | ES-MaCES | ||
| 005 | 20141221114145.0 | ||
| 008 | 060907n2006 sp t 000 | spa d | ||
| 035 | _aCES20060013767v | ||
| 040 |
_aES-MaCES _bspa _cES-MaCES |
||
| 100 | 1 |
_aVagni, Juan José _925387 |
|
| 245 | 1 | 0 |
_aLatinoamérica y el Magreb _b: una relación en ascenso. Las oportunidades comerciales y el apoyo político en la cuestión saharaui, factores que favorecen las relaciones entre las dos regiones _cJuan José Vagni |
| 650 | 4 |
_aAfrica al sur del Sahara _926792 |
|
| 650 | 4 |
_aMarruecos _926826 |
|
| 650 | 4 |
_aAmérica Latina _926882 |
|
| 650 | 4 |
_aMagreb _930399 |
|
| 650 | 4 |
_acooperación internacional _926635 |
|
| 650 | 4 |
_aayuda bilateral _926637 |
|
| 650 | 4 |
_arelaciones internacionales _926675 |
|
| 653 | 1 | 0 | _aCiencias Sociales-Políticas |
| 773 | 0 |
_tAfkar _gn. 10 (primavera/verano 2006){55/1021 R. 065140}; p. 66-68 _w(ES-MaCES)25975 _978542 |
|
| 902 | _aART Artículo de revista | ||
| 942 |
_2CES _cAR _h7.0. |
||
| 999 |
_c37102 _d37102 |
||